Ultraviolet radiation in the solar system (Record no. 16158)

MARC details
000 -LEADER
fixed length control field 00669nam a2200205Ia 4500
003 - CONTROL NUMBER IDENTIFIER
control field IN-BaIIA
008 - FIXED-LENGTH DATA ELEMENTS--GENERAL INFORMATION
fixed length control field 211028s9999 xx 000 0 eng d
020 ## - INTERNATIONAL STANDARD BOOK NUMBER
International Standard Book Number 1-4020-3726-0
040 ## - CATALOGING SOURCE
Transcribing agency IIA Library
080 ## - UNIVERSAL DECIMAL CLASSIFICATION NUMBER
Universal Decimal Classification number 52(082.1)
Item number ASS-331
245 #0 - TITLE STATEMENT
Title Ultraviolet radiation in the solar system
Statement of responsibility, etc. edited by M. Vazquez and A. Hanslmeier
260 ## - PUBLICATION, DISTRIBUTION, ETC.
Place of publication, distribution, etc. Dordrecht
Name of publisher, distributor, etc. Springer
Date of publication, distribution, etc. 2006
300 ## - PHYSICAL DESCRIPTION
Extent xii, 380p.
490 ## - SERIES STATEMENT
Series statement Astrophysics and space science library; v. 331
650 ## - SUBJECT ADDED ENTRY--TOPICAL TERM
Topical term or geographic name entry element Solar system
650 ## - SUBJECT ADDED ENTRY--TOPICAL TERM
Topical term or geographic name entry element Ultraviolet radiation
9 (RLIN) 2770
700 ## - ADDED ENTRY--PERSONAL NAME
Personal name Hanslmeier, A., ed.
700 ## - ADDED ENTRY--PERSONAL NAME
Personal name Vazquez, M., ed.
9 (RLIN) 15888
942 ## - ADDED ENTRY ELEMENTS (KOHA)
Koha item type Books
Holdings
Withdrawn status Lost status Damaged status Not for loan Home library Current library Shelving location Date acquired Source of acquisition Cost, normal purchase price Total Checkouts Full call number Barcode Date last seen Cost, replacement price Price effective from Koha item type Purchase Price
        IIA Library-Bangalore IIA Library-Bangalore General Stacks 23/05/2006 EDS 7639.44   52(082.1)/ ASS-331 17080 05/11/2021 7639.44 23/05/2006 Books Rs. 7639.44

Powered by Koha